000 00592nam a2200193 i 4500
001 110535
003 ES-MaACL
005 20230906185057.0
007 t|
008 070129s1932 fr ||||1| fre d
080 _a811.133.1'36
100 1 _aHermant, Abel.
_962743
245 1 0 _aAinsi parla Monsieur Lancelot
_b: (le bon usage du français) /
_cAbel Hermant.
260 _aParis :
_bAlbin Michel,
_c[1932]
300 _a333 p. ;
_c19 cm.
500 _aBiblioteca Jacinto Martínez Lacalle.
650 1 4 _aLengua francesa-
_xGramática.
_914220
852 _aES-MaACL
_jE-11570
_bR.139570
999 _c110535
_d110535